[Event "HUN-chT 2018-19"]
[Site "Szombathely"]
[Date "2018.11.17"]
[Round "1"]
[White "Krizsany, Laszlo"]
[Black "Gara, Anita"]
[Result "1/2-1/2"]
[WhiteElo "2416"]
[BlackElo "2370"]
[Annotator "TA"]
[PlyCount "77"]
[EventDate "2018.11.16"]
[EventType "team-tourn"]
[EventCountry "HUN"]
[SourceTitle "playchess.com"]
[Source "ChessBase"]
[SourceQuality "1"]

{[%evp 9,77,-8,0,-11,0,-50,-190,-44,-33,-43,-27,-35,-27,-40,-40,-51,-43,-62,-34,-43,-45,-43,-45,-48,-11,-10,0,0,0,0,0,0,16,12,30,3,10,0,0,0,0,0,0,0,0,0,0,0,0,0,6,0,0,0,0,0,0,0,0,0,0,0,0,0,0,0,0,0,0,0]} 1. b3 e5 2. Bb2 Nc6 3. e3 Nf6 4. Bb5 e4 (4... Bd6 5. Na3 e4 6. Nc4 Be7 7. Bxc6 bxc6 8. Ne2 a5 9. O-O a4 10. d3 exd3 11. cxd3 axb3 12. axb3 Rxa1 13. Qxa1 {1-0 (27) Karjakin,S (2782)-Giri,A (2782) Leuven 2018}) 5. d3 a6 {[%cal Ba7a6,Ba6a5,Ba5a4,Ba4a3][%mdl 32]} 6. Bxc6 $1 {A01: Nimzowitsch-Larsen Opening} dxc6 7. dxe4 Qxd1+ 8. Kxd1 {Black is clearly better.} Nxe4 9. Ke2 a5 $146 ({Predecessor:} 9... Bf5 10. Nf3 O-O-O 11. Ne5 Nd6 12. Nd3 {1-0 (42) Larino Nieto,D (2483)-Plazuelo Pascual,J (2328) Collado Villalba 2017}) 10. f3 Nc5 11. Nd2 a4 12. h4 h5 13. Nh3 Bf5 14. e4 Bxh3 15. Rxh3 Ne6 {aiming for ...Nf4+.} 16. g3 a3 17. Bc3 b5 18. Rd1 O-O-O 19. f4 Bc5 20. Nf3 Rxd1 21. Kxd1 b4 22. Bd2 Rd8 {The position is equal.} 23. Rh2 Nd4 24. Nxd4 Bxd4 $11 {[%mdl 4096] Endgame KRB-KRB} 25. Ke2 c5 26. Rh1 Rd6 27. Rd1 Kd7 28. Be1 Kc6 29. Rd3 Kb5 30. c3 bxc3 31. Bxc3 f6 32. Bd2 Bb2 33. Rxd6 cxd6 {KB-KB} 34. Kd3 Bd4 35. f5 Bf2 36. Bf4 Kc6 37. Ke2 Bd4 38. Kd3 Bf2 39. Ke2 {Accuracy: White = 72%, Black = 77%.} 1/2-1/2

[Event "HUN-chT 2018-19"]
[Site "Szombathely"]
[Date "2018.11.17"]
[Round "1"]
[White "Hajnal, Zoltan"]
[Black "Groszpeter, Attila"]
[Result "1/2-1/2"]
[WhiteElo "2406"]
[BlackElo "2437"]
[Annotator "TA"]
[PlyCount "30"]
[EventDate "2018.11.16"]
[EventType "team-tourn"]
[EventCountry "HUN"]
[SourceTitle "playchess.com"]
[Source "ChessBase"]
[SourceQuality "1"]

{[%evp 11,30,9,20,27,22,-10,-6,-7,-9,-7,-4,-11,-5,-10,-14,-102,-50,-42,-74,-39,-27]} 1. e4 c5 2. Nf3 d6 3. Bb5+ Bd7 4. Bxd7+ Nxd7 5. c4 Ngf6 6. Nc3 Ne5 7. O-O {B52: Sicilian: Moscow Variation with 3...Bd7} e6 8. Ne1 Be7 9. f4 {The position is equal.} Nc6 10. Nf3 O-O 11. d3 a6 12. b3 $146 ({Predecessor:} 12. Kh1 Rb8 13. a4 Qd7 14. Be3 d5 {0-1 (40) Mednis,E (2510)-Tseshkovsky,V (2560) Riga (Latvia) 1979}) 12... Rb8 13. d4 {[#]} (13. Be3 $11 {remains equal.}) 13... cxd4 (13... Qa5 $1 $17 {[%cal Ra5c3]} 14. Bb2 cxd4 15. Nxd4 Nxd4 16. Qxd4 d5) 14. Nxd4 $15 Nxd4 15. Qxd4 b5 1/2-1/2

[Event "HUN-chT 2018-19"]
[Site "Szombathely"]
[Date "2018.11.17"]
[Round "1"]
[White "Szalai, Kornel"]
[Black "Balazs, Gabor"]
[Result "1/2-1/2"]
[WhiteElo "2397"]
[BlackElo "2401"]
[Annotator "TA"]
[PlyCount "83"]
[EventDate "2018.11.16"]
[EventType "team-tourn"]
[EventCountry "HUN"]
[SourceTitle "playchess.com"]
[Source "ChessBase"]
[SourceQuality "1"]

{[%evp 17,83,-6,0,-4,-5,-4,-4,-6,-9,-4,-6,-12,0,-10,-8,-26,-27,-31,0,-17,-16,-9,-27,-27,-25,-40,0,-24,0,-8,11,5,64,41,87,97,98,26,25,35,25,32,29,14,25,-50,24,30,34,37,27,21,28,0,0,-12,-8,-10,-3,-16,0,0,0,-16,-15,-15,-15,-26]} 1. Nf3 d5 2. c4 c6 3. Qa4 e6 4. g3 Nf6 5. Bg2 Nbd7 6. d3 Be7 {A13: English Opening: 1...e6} 7. O-O O-O 8. Bf4 Nh5 (8... b5 9. cxb5 Nc5 10. Qc2 cxb5 11. Be3 Na4 12. b3 Nb6 13. a4 bxa4 14. bxa4 {½-½ (28) Hickl,J (2572)-Istratescu,A (2607) Switzerland 2010}) 9. Bc1 Nhf6 {LiveBook: 5 Games} 10. cxd5 exd5 11. Qc2 Nc5 $146 ({Predecessor:} 11... Re8 12. Nc3 Bb4 13. Bd2 Ne5 14. Nxe5 Rxe5 15. e4 dxe4 16. dxe4 Rh5 {½-½ (49) David,A (2282)-Ljubarskij,J (2320) Germany 2013}) 12. Nbd2 Bg4 13. b3 Re8 14. Bb2 Bf8 15. Rfe1 a5 16. Bd4 Ne6 17. Bb2 Nc5 18. Bc3 Bh5 19. Qb2 Nfd7 20. h3 Qb6 21. Qc2 Qa6 22. Nf1 Re7 23. Ne3 Bg6 24. Nh4 Rae8 (24... Ne6 $11 25. Nef5 (25. Nxg6 hxg6 26. d4 Ree8 $11) 25... Bxf5 26. Nxf5 Ree8) 25. Qd2 b6 26. Nef5 Re6 27. Qb2 ({Better is} 27. Nd4 $16) 27... Bxf5 $1 $11 28. Nxf5 {[%cal Rc3g7]} g6 29. Nd4 Rd6 30. Qc2 Bg7 31. a3 ({White should play} 31. h4 $11) 31... Ne6 ({Black should try} 31... a4 $1 $15 32. b4 Bxd4 33. bxc5 bxc5) 32. Nxe6 Rexe6 33. Bxg7 Kxg7 34. d4 Nf6 35. b4 a4 {The position is equal.} 36. Bf1 {[#] And now e4 would win.} b5 37. e3 Ne4 38. Bd3 Ng5 {...Nf3+ is the strong threat.} 39. Kg2 Qb7 40. f3 {[#] aiming for h4.} h5 41. h4 Nh7 42. Qd2 {Precision: White = 39%, Black = 47%.} 1/2-1/2

[Event "HUN-chT 2018-19"]
[Site "Szombathely"]
[Date "2018.11.17"]
[Round "1"]
[White "Meszaros, Tamas"]
[Black "Flumbort, Andras"]
[Result "0-1"]
[WhiteElo "2391"]
[BlackElo "2436"]
[Annotator "TA"]
[PlyCount "58"]
[EventDate "2018.11.16"]
[EventType "team-tourn"]
[EventCountry "HUN"]
[SourceTitle "playchess.com"]
[Source "ChessBase"]
[SourceQuality "1"]

{[%evp 13,58,7,12,6,17,10,24,0,18,0,16,0,-6,-18,0,-41,-12,-34,-2,-102,-95,-190,-199,-335,-260,-372,-369,-354,-316,-318,-282,-294,-289,-369,-370,-350,-305,-542,-535,-972,-941,-1400,-1372,-5257,-872,-1231,-645]} 1. e4 c6 2. d4 d5 3. exd5 cxd5 4. Bd3 Nc6 5. c3 Nf6 6. Nf3 Bg4 7. Bf4 Qb6 8. b4 {B13: Caro-Kann: Exchange Variation and Panov-Botvinnik Attack} (8. Qb3 Bxf3 9. gxf3 e6 10. Nd2 Be7 11. Qxb6 axb6 12. O-O Kd7 13. Rfe1 Bd6 14. Bxd6 Kxd6 15. f4 g6 16. Kg2 {½-½ (42) Blinkov,P (2313)-Sokolov,A (2519) St Petersburg 2017}) 8... e6 9. Nbd2 Be7 10. O-O {White has an edge.} O-O 11. a4 Rac8 12. a5 $146 ({Predecessor:} 12. Qb1 Nb8 13. Bxb8 Rxb8 14. Ne5 Bh5 15. h3 Bg6 {½-½ (40) Gomez Barrero,S (2058)-Oliveros,C (1882) La Dorada 2016}) 12... Qd8 13. Qa4 Bd6 14. Bg5 Nb8 15. Ne5 Bh5 16. c4 {[#]} (16. Rac1 $11) 16... dxc4 $1 $17 {[%cal Bd5c4,Bc4c3][%mdl 32]} 17. Be4 (17. Bxc4 $17 h6 18. Bf4) 17... c3 $19 18. Ndf3 (18. Bf3 $142) 18... h6 19. Bh4 (19. Bxf6 {was worth a try.} gxf6 20. Nd3) 19... g5 20. Nxg5 {White wants to play Nh7!} hxg5 21. Bxg5 Be7 22. Bxb7 Rc7 23. a6 {If White can now play b5 this consolidates a bit.} Qxd4 24. Qa5 Nd5 25. Bxe7 $2 {[#]} (25. Bxd5 Qxe5 26. Bxe7 Rxe7 27. Rfe1) 25... Rxe7 {Black is clearly winning.} 26. Bxd5 exd5 27. Nf3 Bxf3 28. gxf3 Nc6 (28... Kh8 $142 29. Qb5 Rg8+ 30. Kh1 Qf4 31. Qxd5 Re5 32. Qxe5+ Qxe5) 29. Qb5 Qc4 {Accuracy: White = 15%, Black = 34%.} 0-1

[Event "HUN-chT 2018-19"]
[Site "Szombathely"]
[Date "2018.11.17"]
[Round "1"]
[White "Fogarasi, Tibor"]
[Black "Toth, Ervin"]
[Result "1/2-1/2"]
[WhiteElo "2382"]
[BlackElo "2426"]
[Annotator "TA"]
[PlyCount "33"]
[EventDate "2018.11.16"]
[EventType "team-tourn"]
[EventCountry "HUN"]
[SourceTitle "playchess.com"]
[Source "ChessBase"]
[SourceQuality "1"]

{[%evp 14,33,54,52,68,41,66,30,38,41,79,78,84,76,78,81,82,75,137,137,152,147]} 1. e4 g6 2. d4 Bg7 3. Nc3 d6 4. Be3 c6 5. h3 Nf6 6. g4 h5 {B07: Pirc Defence: Miscellaneous Systems} 7. g5 Nfd7 (7... Ng8 8. a4 e6 9. Nf3 Ne7 10. Bg2 O-O 11. O-O b6 12. Bf4 a5 13. Qd2 Na6 14. Bh2 {1-0 (38) Bacrot,E (2692)-Nikolic,P (2606) Germany 2016}) 8. f4 {LiveBook: 4 Games} b5 {White is slightly better.} 9. a3 $146 ({Predecessor:} 9. Bd3 Bb7 10. Nf3 b4 11. Ne2 c5 12. c3 bxc3 13. bxc3 cxd4 14. cxd4 {1-0 (82) Rocha,S (2420)-Marin,M (2545) Linares 1998}) 9... Nb6 10. b3 d5 11. e5 Bf5 12. Nf3 e6 13. Nh4 N8d7 14. Nxf5 exf5 15. Qd2 Nf8 (15... a5 $142) 16. a4 $16 a6 17. Be2 {Accuracy: White = 73%, Black = 27%.} ({Much weaker is} 17. axb5 $6 axb5 18. Rxa8 Qxa8 $11) 1/2-1/2

[Event "HUN-chT 2018-19"]
[Site "Szombathely"]
[Date "2018.11.17"]
[Round "1"]
[White "Popovics, Adam"]
[Black "Horvath, Tamas"]
[Result "1/2-1/2"]
[WhiteElo "2380"]
[BlackElo "2339"]
[Annotator "ChessBase"]
[PlyCount "141"]
[EventDate "2018.11.16"]
[EventType "team-tourn"]
[EventCountry "HUN"]
[SourceTitle "playchess.com"]
[Source "ChessBase"]
[SourceQuality "1"]

1. d4 Nf6 2. c4 e6 3. Nc3 Bb4 4. Qc2 Nc6 5. Nf3 d6 6. Bd2 O-O 7. e3 e5 8. d5 Nb8 9. a3 Bxc3 10. Bxc3 b5 11. e4 bxc4 12. Bxc4 Ba6 13. Nd2 Qc8 14. O-O c6 15. dxc6 Bxc4 16. Nxc4 Qxc6 17. Bb4 Rc8 18. Rac1 d5 19. exd5 Nxd5 20. Rfe1 Nd7 21. Qd2 Qe6 22. Ne3 N7f6 23. Nxd5 Nxd5 24. Rc5 Rd8 25. Ba5 Rd7 26. Rec1 h6 27. Qd3 f5 28. Qb5 Re8 29. Rd1 Nf6 30. Rxd7 Nxd7 31. Rc7 Re7 32. Bb4 Rf7 33. Rxa7 f4 34. f3 e4 35. Ra8+ Kh7 36. Qe2 Nf6 37. Ra6 Qf5 38. Bc3 exf3 39. Qxf3 Ng4 40. h3 Ne3 41. Kf2 Re7 42. Rd6 Nc4 43. Rd4 Qc2+ 44. Kg1 Nxb2 45. Bxb2 Qxb2 46. Qd3+ g6 47. Rxf4 Qc1+ 48. Rf1 Qc5+ 49. Kh2 Ra7 50. Qg3 h5 51. Rf6 Qc2 52. Qe5 Qc7 53. Qxc7+ Rxc7 54. Rf2 Rc4 55. Ra2 Ra4 56. Kg3 Kg7 57. Kf3 Kf6 58. Ke3 Kf5 59. Kd3 Kf4 60. Kc3 Kg3 61. Kb3 Ra8 62. a4 g5 63. a5 g4 64. hxg4 hxg4 65. Kb4 Kh2 66. a6 g3 67. Ka5 Kg1 68. Kb6 Kh2 69. a7 Rh8 70. Rb2 Kg1 71. Kb7 1/2-1/2

[Event "HUN-chT 2018-19"]
[Site "Szombathely"]
[Date "2018.11.17"]
[Round "1"]
[White "Szeberenyi, Adam"]
[Black "Konnyu, Janos"]
[Result "1-0"]
[WhiteElo "2377"]
[BlackElo "2349"]
[Annotator "NA"]
[PlyCount "75"]
[EventDate "2018.11.16"]
[EventType "team-tourn"]
[EventCountry "HUN"]
[SourceTitle "playchess.com"]
[Source "ChessBase"]
[SourceQuality "1"]

1. d4 Nf6 2. c4 g6 3. Nc3 Bg7 4. Nf3 d6 5. Bg5 O-O 6. e3 c6 7. Be2 a6 8. O-O b5 9. a3 Nbd7 10. Qc2 Bb7 11. Rfd1 bxc4 12. Bxc4 c5 13. Bxf6 Bxf6 14. Bd5 Bxd5 15. Nxd5 Bg7 16. dxc5 Nxc5 17. Rac1 a5 18. b4 axb4 19. axb4 Na4 20. Qc7 Qxc7 21. Rxc7 e6 22. Ne7+ Kh8 23. h4 Nc3 24. Rd3 Ra1+ 25. Kh2 Ne4 26. Rc2 Rb1 27. Nc6 Bf6 28. g3 Rc8 29. Kg2 Bd8 30. Rd4 f5 31. Nd2 Nxd2 32. Rdxd2 d5 33. Nd4 Rb8 34. Nxe6 R1xb4 35. Rxd5 Bf6 36. Rd7 Re4 37. Rc6 Re8 38. Nc5 1-0

[Event "HUN-chT 2018-19"]
[Site "Szombathely"]
[Date "2018.11.17"]
[Round "1"]
[White "Szabo, Bence"]
[Black "Szuk, Balazs"]
[Result "1/2-1/2"]
[WhiteElo "2373"]
[BlackElo "2357"]
[Annotator "NA"]
[PlyCount "53"]
[EventDate "2018.11.16"]
[EventType "team-tourn"]
[EventCountry "HUN"]
[SourceTitle "playchess.com"]
[Source "ChessBase"]
[SourceQuality "1"]

1. Nf3 c5 2. c4 Nf6 3. Nc3 d5 4. cxd5 Nxd5 5. d4 cxd4 6. Qxd4 e6 7. e4 Nc6 8. Bb5 $14 {LiveBook: 13 Games} Nxc3 9. Qxc3 Bd7 10. O-O a6 11. Be2 Qa5 12. Bd2 Qxc3 13. Bxc3 f6 14. Rac1 Be7 15. h4 Kf7 16. a3 Rac8 17. Rfd1 Rhd8 18. Bc4 Be8 19. Rxd8 Bxd8 20. Ba2 Be7 21. Re1 Bd7 22. Rd1 Rd8 23. g3 Be8 24. Rxd8 Bxd8 25. Kf1 h6 26. Ke2 Bb6 27. Bc4 1/2-1/2

[Event "HUN-chT 2018-19"]
[Site "Szombathely"]
[Date "2018.11.17"]
[Round "1"]
[White "Tompa, Janos"]
[Black "Madl, Ildiko"]
[Result "1/2-1/2"]
[WhiteElo "2366"]
[BlackElo "2308"]
[Annotator "NA"]
[PlyCount "23"]
[EventDate "2018.11.16"]
[EventType "team-tourn"]
[EventCountry "HUN"]
[SourceTitle "playchess.com"]
[Source "ChessBase"]
[SourceQuality "1"]

{[%evp 11,21,-40,32767,32767,-26,32767,32767,32767,32767,0,32767,-44]} 1. e4 c5 2. Nc3 Nc6 3. f4 g6 4. Bc4 Bg7 5. Nf3 e6 6. d3 Nge7 7. Bb3 d5 8. O-O O-O 9. a4 dxe4 10. dxe4 b6 11. Be3 $15 ({White should play} 11. Nb5 $11) 11... Ba6 12. Rf2 1/2-1/2

[Event "HUN-chT 2018-19"]
[Site "Szombathely"]
[Date "2018.11.17"]
[Round "1"]
[White "Lazarne Vajda, Szidonia"]
[Black "Horvath, Zsolt"]
[Result "1/2-1/2"]
[WhiteElo "2358"]
[BlackElo "2370"]
[Annotator "NA"]
[PlyCount "56"]
[EventDate "2018.11.16"]
[EventType "team-tourn"]
[EventCountry "HUN"]
[SourceTitle "playchess.com"]
[Source "ChessBase"]
[SourceQuality "1"]

1. e4 c6 2. d4 d5 3. exd5 cxd5 4. c4 Nf6 5. Nc3 Nc6 6. Nf3 Be6 7. c5 g6 8. Qb3 Qc8 9. Be2 Bg7 10. O-O O-O 11. Be3 Ne4 12. Qa3 $11 ({But not} 12. Nxd5 $2 Qd7 $19) 12... Rd8 13. Rad1 Bg4 14. b4 Bxf3 15. Bxf3 Nxc3 16. Qxc3 a6 17. a4 e5 18. dxe5 Nxe5 19. Bd4 Nxf3+ 20. Qxf3 Bxd4 21. Rxd4 a5 22. Rfd1 axb4 23. Rxb4 Qxc5 24. Rxb7 Rf8 25. Rb5 Qc4 26. Rbxd5 Qxa4 27. h3 Rae8 28. Rd7 Qe4 1/2-1/2

[Event "HUN-chT 2018-19"]
[Site "Szombathely"]
[Date "2018.11.17"]
[Round "1"]
[White "Kun, Gabor"]
[Black "Aczel, Gergely"]
[Result "1/2-1/2"]
[WhiteElo "2340"]
[BlackElo "2549"]
[Annotator "TA"]
[PlyCount "212"]
[EventDate "2018.11.16"]
[EventType "team-tourn"]
[EventCountry "HUN"]
[SourceTitle "playchess.com"]
[Source "ChessBase"]
[SourceQuality "1"]

{[%evp 22,212,13,9,0,10,6,0,0,0,10,13,10,2,2,6,6,6,3,2,11,16,34,6,10,6,10,7,7,3,8,2,11,4,10,-13,-12,-14,-12,-20,-20,-21,-21,-21,-21,-41,-39,-39,-39,-59,-59,-59,-59,-59,-59,-81,-81,-81,-81,-82,-20,-20,-20,-20,-20,-20,0,-1,0,-1,-1,-104,-104,-104,-104,-104,-104,-104,-104,-104,-104,-104,-104,-104,-104,-104,-104,-104,-104,-104,-104,-104,-104,-104,-104,-104,-42,-42,-42,-42,-11,-104,-42,-104,-42,-104,-104,-104,-104,-104,-104,-104,-104,-104,-104,-104,-104,-104,-104,-104,-104,-1387,-1456,-1440,-104,-1496,-1416,-1413,-1410,-1374,-1351,-1300,-568,-1313,-1324,-1319,-1098,-1081,-533,-1228,0,0,0,0,0,0,0,0,0,0,0,0,0,0,0,0,0,0,0,0,0,0,0,0,0,0,0,0,0,0,0,0,0,0,0,0,0,0,0,0,0,0,0,0,0,0,0,0,0,0,0,0,0]} 1. e4 c5 2. c3 d5 3. exd5 Qxd5 4. d4 e6 5. Nf3 Nf6 6. Be3 cxd4 7. cxd4 Bb4+ 8. Nc3 {B22: Sicilian: 2 c3} O-O 9. Bd3 b6 10. O-O Bxc3 11. bxc3 Ba6 12. Bxa6 {LiveBook: 102 Games} Nxa6 13. Qe2 Nb8 14. c4 Qe4 15. Ne5 {[#]} Rd8 $146 ({Predecessor:} 15... Nbd7) 16. f3 Qb7 $1 17. a4 Nfd7 18. Nxd7 Rxd7 19. a5 bxa5 20. Rxa5 Nc6 {[%cal Bb8c6,Bc6e7,Be7f5][%mdl 32]} 21. Rb5 Qa6 22. Qb2 Ne7 23. Rb8+ Rd8 24. Rxa8 Rxa8 25. Qb4 Nf5 26. Bf2 $1 Rc8 27. Rb1 h6 28. Qb5 Qxb5 29. cxb5 $11 {[%mdl 4096] Endgame KRB-KRN} Rc7 30. g4 Ne7 31. Ra1 Nd5 32. Bg3 Rb7 33. Bd6 Nc3 34. Bc5 Nxb5 35. Rb1 a6 36. Ra1 Rd7 37. Rxa6 Nxd4 38. Bxd4 Rxd4 $15 {KR-KR} 39. Kf2 {[#]} h5 $1 {[%mdl 512]} 40. gxh5 Rd5 (40... Rh4 $17 41. Ra5 Rxh2+ 42. Kg3 Rh1) 41. Ra8+ $11 Kh7 42. Rf8 $1 Rf5 43. Kg3 Kh6 44. Rh8+ Kg5 45. h4+ Kf6 46. h6 (46. Kg4 $11) 46... gxh6 $17 47. Ra8 Rb5 48. Ra7 Kg6 49. Rc7 Rd5 50. Ra7 e5 51. Ra6+ f6 52. Rb6 Rd3 53. Kg2 Rd8 54. Kg3 Kf5 55. Ra6 Rg8+ 56. Kf2 Re8 57. Kg3 Re6 58. Ra8 Kg6 ({Better is} 58... Rd6 $17 59. Rh8 Rd3) 59. Rg8+ $15 Kf7 60. Ra8 Rd6 61. Ra4 (61. h5 $11 {remains equal.}) 61... h5 (61... Kg6 $17 62. Ra8 Rd3) 62. Ra8 (62. f4 $1 $15) 62... Rb6 (62... Kg7 $17 63. Ra7+ Kg6) 63. Rh8 ({White should play} 63. Ra4 $1 $15) 63... Rb3 $17 64. Kg2 Kg6 65. Rg8+ Kh7 66. Re8 Kg7 67. Re7+ Kg6 68. Re8 Kf5 69. Rf8 Rb7 70. Kf2 Rg7 71. Rh8 $2 {[%mdl 8192] [#]} (71. Ke3 $17) 71... Kf4 $1 $19 72. Ra8 {[#]} Rd7 $1 {[%cal Rd7d2]} 73. Ra4+ $2 {[%mdl 8192]} (73. Ra6 $17 f5 74. Ra2) 73... Rd4 74. Ra2 f5 75. Rb2 Ra4 76. Rc2 Rb4 77. Ra2 Rb3 78. Ra4+ e4 79. fxe4 fxe4 (79... Rb2+ $142 80. Ke1 fxe4) 80. Ra8 Rf3+ $2 ({Black should try} 80... Rb2+ $19 81. Kg1 Kg3) 81. Ke2 $11 {The position is equal.} Re3+ 82. Kf2 {Intending Rf8+ and mate.} Rf3+ (82... Rc3 {seems wilder.} 83. Rf8+ Kg4 84. Re8 Rc4 85. Ke3 Kxh4 86. Kf4 Kh3) 83. Ke2 Rh3 84. Rf8+ Kg3 85. Rg8+ Kxh4 86. Re8 Rh2+ 87. Ke3 Ra2 {aiming for ...Ra4.} 88. Rxe4+ Kg3 {Strongly threatening ...Ra1.} 89. Re5 Kg4 90. Re4+ Kh3 91. Kf3 h4 92. Re8 Kh2 {Threatens to win with ...Rg2.} 93. Rg8 h3 94. Rg7 Rg2 95. Rh7 Rg5 96. Kf2 Rf5+ 97. Ke2 Rf4 98. Rg7 $1 Kh1 {And now ...Rf6 would win.} 99. Rg8 Ra4 {Hoping for ...Rf4.} 100. Kf2 Ra2+ 101. Kf1 Ra7 {...Rf7+ is the strong threat.} 102. Rf8 Kh2 103. Kf2 Ra2+ 104. Kf1 Kg3 105. Rg8+ Kf4 106. Kg1 Rb2 {Precision: White = 53%, Black = 66%.} 1/2-1/2

[Event "HUN-chT 2018-19"]
[Site "Szombathely"]
[Date "2018.11.17"]
[Round "1"]
[White "Gara, Ticia"]
[Black "Erdos, Boglarka"]
[Result "1/2-1/2"]
[WhiteElo "2324"]
[BlackElo "2148"]
[Annotator "NA"]
[PlyCount "29"]
[EventDate "2018.11.16"]
[EventType "team-tourn"]
[EventCountry "HUN"]
[SourceTitle "playchess.com"]
[Source "ChessBase"]
[SourceQuality "1"]

1. Nf3 d5 2. g3 g6 3. Bg2 Bg7 4. d4 Nf6 5. c4 c6 6. b3 O-O 7. Bb2 dxc4 8. bxc4 c5 $11 {LiveBook: 10 Games} 9. O-O cxd4 10. Nxd4 Qb6 11. Qb3 Nfd7 12. Rd1 Nc6 13. e3 Nc5 14. Qxb6 axb6 15. Nc3 1/2-1/2

[Event "HUN-chT 2018-19"]
[Site "Szombathely"]
[Date "2018.11.17"]
[Round "1"]
[White "Horvath, Gyula"]
[Black "Farago, Ivan"]
[Result "0-1"]
[WhiteElo "2320"]
[BlackElo "2354"]
[Annotator "NA"]
[PlyCount "76"]
[EventDate "2018.11.16"]
[EventType "team-tourn"]
[EventCountry "HUN"]
[SourceTitle "playchess.com"]
[Source "ChessBase"]
[SourceQuality "1"]

1. d4 Nf6 2. c4 e6 3. Nc3 Bb4 4. e3 O-O 5. Nge2 Re8 $11 {LiveBook: 710 Games} 6. a3 Bf8 7. g3 d5 8. Bg2 c6 9. Qa4 Nbd7 10. c5 b6 11. Qxc6 Rb8 12. cxb6 Nxb6 13. Qb5 Bd7 14. Qd3 Nc4 15. b4 a5 16. O-O axb4 17. axb4 Rxb4 18. Bd2 Rb2 19. Ra2 Qb8 20. Rb1 Rxb1+ 21. Qxb1 Nxd2 22. Qxb8 Rxb8 23. Rxd2 Rb3 24. Rd1 Bb4 25. Rb1 Rxb1+ 26. Nxb1 Ne4 27. f3 Bb5 28. Bf1 Nd6 29. Nec3 Bc6 30. Kf2 f6 31. Bd3 e5 32. Bc2 exd4 33. exd4 Kf7 34. Bb3 Ke6 35. Ne2 Nb5 36. Ke3 Kd6 37. Kd3 Bd7 38. Nf4 Bf5+ 0-1

[Event "HUN-chT 2018-19"]
[Site "Szombathely"]
[Date "2018.11.17"]
[Round "1"]
[White "Tesik, Csaba"]
[Black "Hracek, Zbynek"]
[Result "0-1"]
[WhiteElo "2317"]
[BlackElo "2569"]
[Annotator "TA"]
[PlyCount "60"]
[EventDate "2018.11.16"]
[EventType "team-tourn"]
[EventCountry "HUN"]
[SourceTitle "playchess.com"]
[Source "ChessBase"]
[SourceQuality "1"]

{[%evp 17,60,13,50,-18,-4,-16,0,0,0,-101,-103,-101,-99,-89,-39,-88,-54,-24,-57,-117,-128,-140,-140,-133,-130,-133,-164,-316,-286,-278,-272,-443,-453,-422,-417,-1062,-1063,-1047,-1003,-29980,-29981,-29978,-29982,-29996,39]} 1. e4 c5 2. Nf3 d6 3. d4 cxd4 4. Nxd4 Nf6 5. Nc3 a6 6. h3 e6 7. g4 h6 8. Bg2 Nc6 9. O-O {B81: Sicilian Scheveningen: Keres Attack} (9. Nxc6 bxc6 10. e5 Nd5 11. exd6 Bxd6 12. Ne4 Be5 13. O-O Qc7 14. c4 Nf4 15. Bxf4 Bxf4 16. Qf3 O-O {0-1 (58) Ganguly,S (2668)-Vachier Lagrave,M (2804) Doha 2016}) 9... Be7 {LiveBook: 3 Games} 10. Kh1 $146 (10. Nxc6 $14 bxc6 11. e5 $1 {[%mdl 512]} dxe5 12. Bxc6+ {[%mdl 64] Double Attack} Bd7 13. Bxa8 Qxa8 14. Re1) ({Predecessor:} 10. Nxc6 bxc6 11. e5 Nd5 12. exd6 Qxd6 13. Ne4 Qc7 14. c4 Nf6 15. Nxf6+ Bxf6 16. Qf3 Bb7 {½-½ (65) Van Kampen,R (2570)-Timman,J (2578) Hoogeveen 2012}) 10... Nxd4 $11 11. Qxd4 {The position is equal.} e5 12. Qd1 g5 {[%cal Bg7g5,Bg5g4][%mdl 32]} 13. Be3 {[#]} (13. Bf3 $11 {remains equal.}) 13... h5 $1 $17 14. gxh5 Be6 15. h6 {[#]} Qd7 $1 {[%mdl 1024] Black has strong compensation.} 16. Qf3 g4 17. Qd1 O-O-O 18. Rg1 (18. f4 $15) 18... Rdg8 19. Bf1 Bf8 20. Qd2 Qc6 21. Bg2 Rg6 22. Nd5 $2 (22. Rad1) 22... Bxd5 $19 23. exd5 Qd7 24. a4 $2 (24. Rae1) 24... Bxh6 25. Bxh6 Rhxh6 ({Weaker is} 25... Rgxh6 26. Ra3 $19) 26. Qd3 {[#]} (26. Rge1 $142) 26... g3 $1 {[%mdl 512]} 27. Qc4+ (27. fxg3 Rxh3+) 27... Kb8 28. Qf1 Ng4 {Black mates.} 29. fxg3 Ne3 30. Qf2 {[#]} Qxh3+ $1 {[%mdl 33280] Accuracy: White = 20%, Black = 91%. . Loss on time!?} 0-1